I Believe....." (Record no. 9372)

MARC details
000 -LEADER
fixed length control field 00660nam a2200253 a 4500
020 ## - INTERNATIONAL STANDARD BOOK NUMBER
ISBN
082 00 - DEWEY DECIMAL CLASSIFICATION NUMBER
Classification number 230
Author Cutter CHA3
100 ## - MAIN ENTRY--AUTHOR NAME
Author name Chandran, J Russell
245 ## - TITLE STATEMENT
Title I Believe....."
Sub title Christian Faith Re-Articulated
260 ## - PUBLICATION, DISTRIBUTION, ETC. (IMPRINT)
Place of publication Bangalore
Name of publisher Student Christian Movement of India
Year of publication 1993
300 ## - PHYSICAL DESCRIPTION
Number of Pages 80p
500 ## - GENERAL NOTE
General note includes index and biblioraphy
505 2# - FORMATTED CONTENTS NOTE
Formatted contents note Glossary, Biblio., Index
650 ## - SUBJECT ADDED ENTRY--TOPICAL TERM
Topical Term Christianity
650 ## - SUBJECT ADDED ENTRY--TOPICAL TERM
Topical Term Theology
942 ## - ADDED ENTRY ELEMENTS (KOHA)
Koha item type Books
700 1# -
-- Chandran, J Russell
Holdings
Collection code Home library Current library Date acquired Cost, normal purchase price Full call number Accession Number Koha item type
  Henry Martyn Institute Library Henry Martyn Institute Library 07/31/2007 20.00 230 CHA3 014667 Books
                   Copyright © 2026 | Henry Martyn Institute | Hyderabad | TS-500052 | INDIA | Implemented by hmi.edu.in
Hit-Count:

Powered by Koha